000 00592nam a2200205 i 4500
001 50983
003 ES-MaACL
005 20260504120842.0
007 t|
008 030807s1972 sp ||||1| spa d
100 1 _aChandler, Raymond,
_d1888-1959
_937954
245 1 3 _aEl sueño eterno /
_cRaymond Chandler ; [traducción de José Antonio Lara].
250 _a[1ª ed.].
260 _aBarcelona :
_bBarral,
_c1972.
300 _a248 p. ;
_c19 cm.
700 1 _aLara, José Antonio.
_970205
852 _aES-MaACL
_jC-52169
_bR.83074
_cDEPO2
942 _2udc
999 _c50983
_d50983